[Event "COL-ch School U15 Girls"]
[Site "Ibague"]
[Date "2014.11.21"]
[Round "2.5"]
[White "Ramirez, Angie Yulieth"]
[Black "Toro Castaneda, Elizabeth"]
[Result "0-1"]
[WhiteElo "1216"]
[BlackElo "1733"]
[PlyCount "20"]
[EventDate "2014.11.20"]
[EventType "swiss"]
[EventRounds "6"]
[EventCountry "COL"]
[SourceTitle "EXT 2024"]
[Source "ChessBase"]
[SourceDate "2023.10.10"]
[SourceVersion "1"]
[SourceVersionDate "2023.10.10"]
[SourceQuality "1"]

1. e4 e5 2. Bc4 Bc5 3. Qf3 Nf6 4. c3 0-0 5. d4 exd4 6. Ne2 dxc3 7. bxc3 d6 8. 0-0 Nc6 9. Ba3 Ne5 10. Qg3 Nxc4 0-1